000 05579ncm0a22004571 4500
001 RU\NLR\ONIZ\213934
005 20260406161428.0
035 _aRU\NLR\ONIZ\SOPHY\5000002149\20160406172544
035 _a(NLR Aleph) 011200291
090 _a11918099
_c11918099
100 _a20160406d2011 |||y0rusy50 ca
101 0 _ager
_arus
102 _aRU
125 _aax
145 0 _ac
200 1 _aХристос с тобой!
_bНоты
_eвок. музыка рус. композиторов для голоса с инструм. сопровожд. на стихи Его Императорского Высочества, Великого князя Константина Константиновича (к 95-й годовщине со дня кончины поэта)
_fсост. А. Б. Павлов-Арбенин
210 _aСанкт-Петербург
_c[Б. и.]
_d2011
215 _a26, [2] с.
_d30 см
300 _aНа тит. л.: Посвящается 150-летию Санкт-Петербургской Государственной консерватории им. Н. А. Римского-Корсакова
313 _aСистематизация документа проведена по изданию - Методика классифицирования музыкальных произведений (нотных изданий) по таблицам Библиотечно-библиографических классификаций : метод. рекомендации / Гос. б-ка СССР им. В.И. Ленина.- М., 1977. Индексу ББК методических рекомендаций присваивается код ББК для научных библиотек - LBC/SL
327 1 _a1. Христос с тобой! : романс : для голоса, скрипки, виолончели и фп. : ор. 127 / муз. Ал. де Миньяр.
_a2. Молитва : для сопрано и 4 виолончелей / Г. Белов.
_a3. Колыбельная песенка : для голоса, виолончели, арфы и фп. : ор. 128 / муз. Ал. де Миньяр.
_a4. О, нет, за красоту = O nein, nur weil ich schön : для тенора, меццо-сопрано, виолончели и фп. : ор. 2 № 2 / муз. Ю. Энгеля ; deutsch von Lina Esbeer
464 0 _12001#$aХристос с тобой!$eроманс$eдля голоса, скрипки, виолончели и фп.$eор. 127$fмуз. Ал. де Миньяр
_1215##$aС.4-7
_1686##$aЩ943.4-21(2Р)$vLBC/SL$2rubbk
_1700#1$9z01790$aМиньяр$bА. К.$gАлександр Константинович$f1852–$4230
_1790#1$9z01700$aMin'yar$bA. K.$gAleksandr Konstantinovich$f1852–$4230
_tХристос с тобой!
_aМиньяр, Александр Константинович (1852–)
464 0 _12001#$aМолитва$eдля сопрано и 4 виолончелей$fГ. Белов
_1215##$aС.8-11
_1686##$aЩ943.1-256(2Р)$vLBC/SL$2rubbk
_1700#1$9z01790$aБелов$bГ. Г.$gГеннадий Григорьевич$f1939-$4230
_1790#1$9z01700$aBelov$bG. G.$gGennady Grigorievich$f1939-$4230
_tМолитва
_aБелов, Геннадий Григорьевич (1939-)
464 0 _12001#$aКолыбельная песенка$eдля голоса, виолончели, арфы и фп.$eор. 128$fмуз. Ал. де Миньяр
_1215##$aС.12-20
_1686##$aЩ943.4-21-043.33(2Р)$vLBC/SL$2rubbk
_1700#1$9z01790$aМиньяр$bА. К.$gАлександр Константинович$f1852–$4230
_1790#1$9z01700$aMin'yar$bA. K.$gAleksandr Konstantinovich$f1852–$4230
_tКолыбельная песенка
_aМиньяр, Александр Константинович (1852–)
464 0 _12001#$aО, нет, за красоту$dO nein, nur weil ich schön$eдля тенора, меццо-сопрано, виолончели и фп.$eор. 2 № 2$zger$fмуз. Ю. Энгеля$gdeutsch von Lina Esbeer
_1215##$aС.21-26
_1686##$aЩ942.19-21-043.3(2Р)$vLBC/SL$2rubbk
_1700#1$9z01790$aЭнгель$bЮ. Д.$gЮлий Дмитриевич$f1868-1927$4230
_1702#1$9z02790$aЭсбер$bЛ.$gЛина$4730
_1790#1$9z01700$aEngel'$bYu. D.$gYulij Dmitrievich$f1868-1927$4230
_1790#1$9z02702$aEsbeer$bL.$gLina$4730
_tО, нет, за красоту
_aЭнгель, Юлий Дмитриевич (1868-1927)
601 0 2 _aСанкт-Петербургская государственная консерватория им. Н.А.Римского-Корсакова
_2nlr_sh1
602 _aРомановы (царская династия)
_f1613-1917
_xНоты
_yРоссия
_2nlr_sh
606 1 _aПроизведения для голоса с инструментальным ансамблем
_2nlr_sh
686 _aЩ943.0-21(2Р)я491
_vLBC/SL
_2rubbk
702 0 _4280
_4520
_8rus
_7ca
_aКонстантин Константинович
_cвеликий князь
_f1858-1915
_3RU\NLR\AUTH\778811
_9118695
702 1 _4220
_8rus
_7ca
_aПавлов-Арбенин
_bА. Б.
_gАндрей Борисович
_3RU\NLR\AUTH\7710795
_9120560
790 0 _4280
_4520
_7ba
_8rus
_aKonstantin Konstantinovič
_cвеликий князь
_f1858-1915
_9259956
_3RU\NLR\AUTH\770260012
790 1 _9z04702
_aPavlov-Arbenin
_bA. B.
_gAndrey Borisovich
_4220
801 0 _aRU
_bNLR
_c20160406
_gPSBO
801 1 _aRU
_bNLR
_c20160406
_2rusmarc
801 2 _aRU
_bNLR
_c20160429
852 _aNLR
_bМ
_j986/612
_p278207
_t1
942 _cSCORE
980 _aNB
980 _aONIZ